Statistics for Mandarin Color Words

Click here to take the quiz!

General Stats

  • This quiz has been taken 44 times
  • The average score is 9 of 10

Answer Stats

ChineseEnglish% Correct
黄色 (huángsè)Yellow
97%
黑色 (hēisè)Black
95%
绿色 (lǜsè)Green
95%
红色 (hóngsè)Red
95%
白色 (báisè)White
95%
蓝色 (lánsè)Blue
92%
紫色 (zǐsè)Purple; violet
87%
灰色 (huīsè)Gray
82%
棕色 (zōngsè)Brown
79%
橙色 (chéngsè)Orange
76%

Score Distribution

Percentile by Number Answered

Percent of People with Each Score

Your Score History

You have not taken this quiz